Recept na krízu výrobca manipulačnej techniky vsadil na repasáciu jazdených vozíkov

V období hospodárskej krízy musí manažment hľadať cesty, ako znížiť náklady, aby firma dokázala obdobie poklesu výroby a zákaziek prežiť bez veľkých problémov. Preto aj dodávatelia prichádzajú s riešeniami, ktoré ich zákazníkom majú pomôcť pri úsporných opatreniach.

Salvato in:
Dettagli Bibliografici
Autore principale: Brezovský, Jozef
Natura: Capitolo di libro
Lingua:slovacco
Soggetti:
Tags: Aggiungi Tag
Nessun Tag, puoi essere il primo ad aggiungerne!!

MARC

LEADER 00000naa a2200000 4500
001 0117807
005 20231011072221.0
041 0 |a slo 
044 |a CZ 
245 1 0 |a Recept na krízu  |b výrobca manipulačnej techniky vsadil na repasáciu jazdených vozíkov  |c Jozef Brezovský 
520 |a V období hospodárskej krízy musí manažment hľadať cesty, ako znížiť náklady, aby firma dokázala obdobie poklesu výroby a zákaziek prežiť bez veľkých problémov. Preto aj dodávatelia prichádzajú s riešeniami, ktoré ich zákazníkom majú pomôcť pri úsporných opatreniach. 
610 2 0 |a podnik 
610 2 0 |a opatrenia podniku úsporné 
610 2 0 |a zákazníci 
100 1 |a Brezovský, Jozef